[Event "29th IND-ch U17 Girls 2018"]
[Site "Sonipat"]
[Date "2018.09.08"]
[Round "7"]
[White "Mrudul Dehankar"]
[Black "Priyanka, Kumari"]
[Result "0-1"]
[WhiteElo "2065"]
[BlackElo "2005"]
[Annotator "NA RC"]
[PlyCount "156"]
[EventDate "2018.09.05"]
[EventCountry "IND"]
[SourceTitle "playchess.com"]
[Source "ChessBase"]
[SourceQuality "1"]

1. d4 Nf6 2. Bf4 g6 3. Nc3 d5 {A45: Trompowsky Attack} 4. e3 Bg7 5. h4 c6 (5... h5 6. Nf3 Bg4 7. Be2 Bxf3 8. Bxf3 c6 9. Qd2 Nbd7 10. O-O-O b5 11. Kb1 {½-½ (34) Aronian,L (2797)-Vachier Lagrave,M (2793) Caleta 2018}) 6. Bd3 Nbd7 {LiveBook: 6 Games} 7. Nf3 h5 8. Qd2 b5 $146 ({Predecessor:} 8... Ng4 9. e4 e5 10. dxe5 Ndxe5 11. Nxe5 Nxe5 12. exd5 Nxd3+ 13. Qxd3 {1-0 (35) Pandey,S (1930)-Kiran,M (2170) Mysore 2017}) 9. a3 a5 10. e4 dxe4 11. Nxe4 Nd5 12. Bg3 Qb6 13. Neg5 O-O 14. O-O Bb7 {[#]} 15. Qe2 $1 c5 ({Don't go for} 15... Bxd4 $2 {[#]} 16. Bxg6 $1 {[%mdl 512]} fxg6 17. Qe6+ Kg7 18. Nxd4 $18 (18. Qxd7 $2 Bc8 $17)) 16. Bxb5 Ba6 17. Bxa6 Qxa6 18. Qd2 Rfd8 19. Rac1 cxd4 {[#]} 20. c4 $1 N5b6 21. c5 ({But not} 21. Nxd4 $6 Nxc4 22. Qf4 Nde5 $11) 21... Na4 22. c6 Ndc5 23. c7 Rdc8 24. Nxd4 e5 25. Ndf3 Rxc7 26. Qd5 Rd7 27. Qa2 Nd3 28. Rc2 Re8 29. Ne4 Qb7 30. Nfg5 Rd4 31. b3 Nb6 32. f3 f6 33. b4+ Qd5 34. bxa5 Qxa2 35. Rxa2 Nd7 36. Nh3 Ra8 37. Nhf2 Rxa5 38. Rb1 Nb4 39. Rab2 Nc6 40. Rc1 Ne7 41. Nd1 Rxa3 42. Bf2 Rd5 43. Ndc3 $17 (43. Ne3 $11 Rdd3 44. Rb7) 43... Rd3 44. Nb5 Rab3 45. Rxb3 Rxb3 46. Nbd6 f5 47. Ng5 Rd3 48. Nc4 Bf6 49. Re1 Rc3 50. Nd2 Nd5 51. Nf1 Nf4 52. Ne3 Bxg5 53. hxg5 Kf7 54. Rd1 Rd3 55. Kf1 Rxd1+ 56. Nxd1 Ke6 57. Be3 Nd5 58. Bd2 f4 59. Nf2 Nc5 60. Ke2 Kf5 61. Nh3 Ne6 62. Kd3 Nb6 63. Bc3 Nd7 64. Kc4 Nxg5 65. Nf2 Nb6+ 66. Kd3 Nd5 67. Bd2 Nf6 68. Be1 e4+ 69. fxe4+ Ngxe4 70. Nxe4 Nxe4 71. Ke2 Kg4 72. Kf1 f3 73. gxf3+ Kxf3 74. Kg1 g5 75. Ba5 g4 76. Bc7 g3 77. Be5 h4 78. Bd4 h3 0-1

[Event "29th IND-ch U17 Girls 2018"]
[Site "Sonipat"]
[Date "2018.09.08"]
[Round "7"]
[White "Jyothsna L"]
[Black "Arpita, Mukherjee"]
[Result "1/2-1/2"]
[WhiteElo "1964"]
[BlackElo "2207"]
[Annotator "TA"]
[PlyCount "61"]
[EventDate "2018.09.05"]
[EventCountry "IND"]
[SourceTitle "playchess.com"]
[Source "ChessBase"]
[SourceQuality "1"]

{[%evp 23,61,23,31,4,7,10,35,18,19,0,42,46,46,43,32,53,34,0,23,19,28,-1,-8,-39,0,0,7,0,31,19,40,22,20,-18,57,51,147,116,220,218]} 1. d4 Nf6 2. Nf3 g6 3. Bf4 Bg7 4. e3 O-O 5. Be2 d6 6. h3 c5 7. c3 Nbd7 8. Nbd2 b6 9. O-O Bb7 10. a4 a6 11. Qb3 Ra7 {A48: 1 d4 Nf6 2 Nf3 g6: Torre, London and Colle Systems} (11... Qc7 12. Bh2 Bc6 13. c4 Ne4 14. d5 Nxd2 15. Nxd2 Bb7 16. e4 e6 17. Qc2 Rae8 18. Rfe1 Bc8 19. Nf3 e5 20. a5 {1-0 (71) Nguyen,N (2629)-Flores,D (2579) Doha 2016}) 12. Rfd1 Qa8 {LiveBook: 6 Games} 13. Ne1 Bc6 $146 {The position is equal.} ({Predecessor:} 13... Rb8 14. Bc4 Bd5 15. f3 Bxc4 16. Nxc4 b5 17. axb5 axb5 18. Rxa7 Qxa7 19. Nxd6 exd6 20. Bxd6 {0-1 (34) Wiesebach,W (1933)-Held,C (2053) Bad Homburg 2014}) 14. Bf3 d5 15. Qc2 Re8 16. a5 c4 17. axb6 Nxb6 18. b3 a5 19. bxc4 Nxc4 20. Nd3 Nd7 21. Nxc4 dxc4 22. Ne1 {[%cal Bd3e1,Be1f3,Bf3d2,Bd2e4,Be4c3][%mdl 32]} e5 {[#] aiming for ...Bxf3.} 23. Bg3 exd4 24. cxd4 Bxf3 25. Nxf3 Qd5 26. Rdc1 Rc8 27. Nd2 $36 {[%cal Rd2c4][%mdl 2048] White has good play.} Nb6 28. Rab1 Qe6 (28... Qc6 $11) 29. Ne4 $14 Rc6 ({Black should try} 29... Raa8 $14) 30. Nc3 h5 {[#]} (30... Rc8 $16 {was worth a try.}) 31. Rb5 $1 {Precision: White = 37%, Black = 23%.} 1/2-1/2

[Event "29th IND-ch U17 Girls 2018"]
[Site "Sonipat"]
[Date "2018.09.08"]
[Round "7"]
[White "Tejasvi M"]
[Black "Garima Gaurav"]
[Result "1-0"]
[WhiteElo "1747"]
[BlackElo "1615"]
[Annotator "NA RC"]
[PlyCount "79"]
[EventDate "2018.09.05"]
[EventCountry "IND"]
[SourceTitle "playchess.com"]
[Source "ChessBase"]
[SourceQuality "1"]

1. e4 e5 2. Nf3 Nc6 3. Bc4 Nf6 4. d3 Be7 5. c3 O-O 6. Bb3 d5 7. Qe2 d4 8. O-O Bg4 9. h3 Bh5 10. Rd1 b5 11. Bg5 a5 12. a4 dxc3 13. bxc3 b4 14. Bxf6 Bxf6 15. g4 Bg6 16. Bd5 Qd7 17. cxb4 Rad8 18. Bxc6 Qxc6 19. b5 Qe6 20. Nc3 h5 21. Nd2 hxg4 22. hxg4 Qd6 23. Nc4 Qd7 24. Nxa5 Rde8 25. Nd5 Bg5 26. b6 cxb6 27. Nxb6 Qd4 28. Nac4 Re6 29. a5 Bh4 30. Qe3 Qd8 31. a6 Rf6 32. f3 Bg3 33. a7 Bf4 34. Qf2 Rxb6 35. a8=Q Qe7 36. Qxf8+ Qxf8 37. Nxb6 Qe7 38. Nd5 Qd8 39. Nxf4 exf4 40. Kg2 1-0

[Event "29th IND-ch U17 Girls 2018"]
[Site "Sonipat"]
[Date "2018.09.08"]
[Round "8"]
[White "Priyanka, Kumari"]
[Black "Tejasvi M"]
[Result "1/2-1/2"]
[WhiteElo "2005"]
[BlackElo "1747"]
[Annotator "NA"]
[PlyCount "48"]
[EventDate "2018.09.05"]
[EventCountry "IND"]
[SourceTitle "playchess.com"]
[Source "ChessBase"]
[SourceQuality "1"]

1. e4 e5 2. Nf3 Nc6 3. Bb5 Bc5 4. O-O Nd4 5. Nxd4 Bxd4 6. c3 Bb6 7. d4 c6 8. Ba4 d6 9. dxe5 dxe5 10. Qxd8+ Bxd8 11. Nd2 Nf6 12. Bc2 Be6 13. Nf3 Bc7 14. Bg5 Nd7 15. h3 f6 16. Be3 Bb6 17. Rfe1 Bxe3 18. Rxe3 Ke7 19. a4 g5 20. Rd1 Nf8 21. Ne1 Nd7 22. Nf3 Nf8 23. Ne1 Nd7 24. Nf3 Nf8 1/2-1/2

[Event "29th IND-ch U17 Girls 2018"]
[Site "Sonipat"]
[Date "2018.09.08"]
[Round "8"]
[White "Sanskriti Goyal"]
[Black "Arpita, Mukherjee"]
[Result "1/2-1/2"]
[WhiteElo "1965"]
[BlackElo "2207"]
[Annotator "NA"]
[PlyCount "60"]
[EventDate "2018.09.05"]
[EventCountry "IND"]
[SourceTitle "playchess.com"]
[Source "ChessBase"]
[SourceQuality "1"]

1. b3 e5 2. Bb2 Nc6 3. c4 Nf6 4. e3 d5 5. cxd5 Nxd5 6. a3 Bd6 7. Qc2 O-O 8. Nf3 Qe7 9. d3 f5 10. Nbd2 f4 11. e4 Nb6 12. b4 a5 13. b5 Nd8 14. Be2 Nf7 15. d4 exd4 16. Nxd4 Ne5 17. O-O a4 18. Rfe1 Bd7 19. N2f3 Rae8 20. Rac1 Nxf3+ 21. Nxf3 Bxa3 22. Bxa3 Qxa3 23. Ra1 Qd6 24. e5 Qh6 25. Qxc7 Rc8 26. Qxb7 Rb8 27. Qc7 Rbc8 28. Qb7 Rb8 29. Qc7 Rbc8 30. Qb7 Rb8 1/2-1/2

[Event "29th IND-ch U17 Girls 2018"]
[Site "Sonipat"]
[Date "2018.09.08"]
[Round "8"]
[White "Pandey Srishti"]
[Black "Harshini A"]
[Result "0-1"]
[WhiteElo "1958"]
[BlackElo "2160"]
[Annotator "NA"]
[PlyCount "88"]
[EventDate "2018.09.05"]
[EventCountry "IND"]
[SourceTitle "playchess.com"]
[Source "ChessBase"]
[SourceQuality "1"]

1. d4 Nf6 2. Bf4 g6 3. Nc3 d5 4. e3 Bg7 5. h4 c6 6. Bd3 Nbd7 7. Nf3 a5 8. a4 b6 9. Qe2 Bb7 10. Ne5 Nxe5 11. Bxe5 Qc8 12. e4 O-O 13. exd5 cxd5 14. h5 Qe6 15. hxg6 fxg6 16. Bc7 Qxe2+ 17. Bxe2 Ba6 18. Bf3 e6 19. O-O-O Nd7 20. Bd6 Rfe8 21. Nxd5 exd5 22. Bxd5+ Kh8 23. Bxa8 Rxa8 24. c3 Bc4 25. Kc2 Bd5 26. f3 Kg8 27. Rhe1 Bf6 28. Be7 Kf7 29. Bxf6 Nxf6 30. b3 h5 31. Re5 Rc8 32. Rde1 Rc7 33. c4 Bc6 34. Kb2 Bd7 35. c5 bxc5 36. Rxc5 Rxc5 37. dxc5 Nd5 38. Ka3 Bc6 39. g3 g5 40. f4 gxf4 41. gxf4 Kf6 42. Re4 Nb4 43. Re5 Bf3 44. Re3 Nc2+ 0-1

[Event "29th IND-ch U17 Girls 2018"]
[Site "Sonipat"]
[Date "2018.09.08"]
[Round "8"]
[White "Ghosh Samriddhaa"]
[Black "Jyothsna L"]
[Result "0-1"]
[WhiteElo "1904"]
[BlackElo "1964"]
[Annotator "NA"]
[PlyCount "96"]
[EventDate "2018.09.05"]
[EventCountry "IND"]
[SourceTitle "playchess.com"]
[Source "ChessBase"]
[SourceQuality "1"]

1. e4 e6 2. d4 d5 3. Nc3 Nf6 4. Bg5 Be7 5. Bxf6 Bxf6 6. Nf3 O-O 7. e5 Be7 8. Bd3 c5 9. dxc5 Bxc5 10. h4 h6 11. Qd2 Nc6 12. a3 f6 13. exf6 Qxf6 14. O-O-O Bd7 15. Rdf1 a6 16. Nh2 b5 17. Ng4 Qf4 18. Qxf4 Rxf4 19. f3 h5 20. Nf2 Ne5 21. Kd2 Nc4+ 22. Bxc4 bxc4 23. b4 Bb6 24. Ne2 Rf6 25. Nc3 a5 26. b5 a4 27. Ke2 Bd4 28. Nfd1 Ra5 29. Kd2 Rf8 30. Nb2 Rfa8 31. Re1 Kf7 32. Rb1 Bxb5 33. Nxb5 Rxb5 34. c3 Bc5 35. f4 Rb3 36. Kc2 Bxa3 37. Rhe1 g6 38. g3 Kf6 39. Rf1 Rab8 40. Nxa4 Rxb1 41. Rxb1 Rxb1 42. Kxb1 Kf5 43. Nb6 Kg4 44. Nd7 Kxg3 45. Ne5 Kxh4 46. Nxg6+ Kg4 47. Kc2 h4 48. f5 exf5 0-1

[Event "29th IND-ch U17 Girls 2018"]
[Site "Sonipat"]
[Date "2018.09.09"]
[Round "9"]
[White "Arpita, Mukherjee"]
[Black "Priyanka, K."]
[Result "0-1"]
[WhiteElo "2207"]
[BlackElo "2163"]
[Annotator "TA"]
[PlyCount "78"]
[EventDate "2018.09.05"]
[EventCountry "IND"]
[SourceTitle "playchess.com"]
[Source "ChessBase"]
[SourceQuality "1"]

{[%evp 21,78,25,35,46,44,46,46,46,46,46,39,41,46,38,38,37,46,-47,-47,-46,-37,-40,0,-35,0,0,0,-2,2,-29,-20,-12,-23,-19,0,0,0,0,0,0,0,-212,-197,-208,-200,-161,-19,-20,-27,-1014,-1004,-1008,-1002,-793,-759,-4931,-4935,-29993,-29994]} 1. e4 c5 2. Nf3 d6 3. d4 cxd4 4. Nxd4 Nf6 5. Nc3 a6 6. h3 e5 7. Nde2 h5 {B90: Sizilianisch (Najdorf-Variante, Abweichungen)} (7... b5 8. Ng3 Qc7 9. Bd3 g6 10. Bg5 Nbd7 11. O-O Bg7 12. a4 bxa4 13. Rxa4 O-O 14. Qd2 Bb7 15. Ra3 Nc5 16. Bxf6 Bxf6 {1-0 (52) Harikrishna,P (2739)-Kokarev,D (2608) Linares 2018}) 8. g3 Be6 9. Bg2 Be7 10. a4 Nbd7 11. Be3 Rc8 {LiveBook: 6 Partien} 12. O-O Nb6 13. b3 d5 14. Bxb6 $1 Qxb6 15. Nxd5 Nxd5 16. exd5 Bd7 $146 17. c4 Qd6 18. Nc3 f5 $1 19. h4 (19. Re1 $14) 19... g5 $1 $15 20. hxg5 Bxg5 21. Qe2 {Droht stark f4.} Kf8 {[%mdl 1024] Schwarz hat Kompensation.} 22. Bh3 Re8 23. c5 Qg6 24. Kh1 e4 25. Rg1 Qf6 (25... h4 $5 26. g4 $8 Qf6 $11) 26. Qc2 $1 h4 27. g4 fxg4 28. Nxe4 Rxe4 29. Qxe4 gxh3 30. f4 Bh6 31. f5 $2 (31. Qe5 $11 {und Weiss ist OK.} Kf7 32. Qh5+ Kf8 33. Qe5) 31... Bxf5 $19 32. Qf3 Rh7 $1 33. c6 {[#]} bxc6 (33... Rf7 $1 $19 34. Rad1 bxc6 35. dxc6 Qe5) 34. dxc6 $11 {Und weiter mit Taf1 wäre nett.} Rf7 {[#] ...Lf4! ist eine echte Drohung.} 35. Rgf1 $2 {[%mdl 8192] [#]} (35. c7 $1 $11 {[%mdl 512]} Rxc7 36. Raf1) 35... Bf4 $1 $19 {[%mdl 512]} 36. Qxf4 Qxc6+ 37. Rf3 Bg6 $1 {[%csl LRf3,LRf4]} 38. Qb4+ Kg8 39. Qb8+ Kh7 {Precision: Weiß = 42%, Schwarz = 66%.} 0-1

[Event "29th IND-ch U17 Girls 2018"]
[Site "Sonipat"]
[Date "2018.09.09"]
[Round "9"]
[White "Harshini A"]
[Black "Tejasvi M"]
[Result "1/2-1/2"]
[WhiteElo "2160"]
[BlackElo "1747"]
[Annotator "TA"]
[PlyCount "90"]
[EventDate "2018.09.05"]
[EventCountry "IND"]
[SourceTitle "playchess.com"]
[Source "ChessBase"]
[SourceQuality "1"]

{[%evp 11,90,15,18,22,52,47,78,70,79,83,81,90,76,91,91,39,50,20,46,13,9,20,51,41,50,47,57,-20,34,12,56,50,42,47,56,37,48,35,37,44,28,44,71,44,93,87,126,118,124,126,160,158,183,152,247,242,247,247,243,247,281,269,290,294,273,245,276,226,228,224,224,158,224,0,208,193,497,200,210,19,29]} 1. Nf3 Nf6 2. g3 e6 3. Bg2 d5 4. O-O Be7 5. d3 Nbd7 6. Nbd2 O-O {LiveBook: 34 Games} 7. Re1 {A07: Réti Opening: New York and Capablanca Systems} (7. e4 e5 8. exd5 Nxd5 9. Re1 Bf6 10. Ne4 Re8 11. Nxf6+ N5xf6 12. Bd2 e4 13. dxe4 Nxe4 14. Bf4 c6 15. Qd4 {1-0 (30) Shimanov,A (2655)-Usmanov,V (2377) St Petersburg 2013}) 7... e5 8. e4 d4 9. Nc4 {White is better.} Bd6 10. c3 dxc3 11. bxc3 b5 12. Nxd6 cxd6 13. d4 $146 (13. a4 $16) ({Predecessor:} 13. a4 bxa4 14. Qxa4 Nc5 {1-0 (32) Sergeev,V (2452)-Kukushev,Z Kiev 1999}) 13... Re8 $14 14. Qd3 a6 15. Ba3 Qb6 16. Nh4 {Nf5 is the strong threat.} Nf8 17. Rad1 Be6 18. d5 Bg4 19. Bf3 (19. Rb1 $14) 19... Bd7 ({Black should try} 19... Ng6 $11) 20. Rb1 Qc7 (20... Rec8 {is interesting.} 21. Ng2 Bh3 22. c4 N8d7 23. Qe2 Rab8) 21. Rec1 Rec8 22. Qe3 Ng6 23. Nxg6 hxg6 24. Be2 Rab8 25. Kg2 a5 26. Bd3 Rb6 27. Qe2 Qb7 28. Rc2 Bg4 29. f3 Bd7 30. Bc1 {[%cal Ba3c1,Bc1d2,Bd2e3][%mdl 32] And now Be3 would win.} Qb8 31. Bd2 b4 32. Be3 b3 (32... Ba4 $16) 33. Bxb6 $18 bxc2 34. Qxc2 Qa8 35. Bf2 g5 36. h3 Rb8 37. Rxb8+ Qxb8 38. c4 Nh5 39. c5 dxc5 40. Qxc5 a4 41. a3 Qb2 (41... Qb3 $16 {is a better defense.}) 42. Bf1 $2 {[#]} (42. Qb6 $18 Qxa3 43. Qd8+ Kh7 44. Qxd7 Qxd3 45. Qxa4 (45. Qxf7 Nf6 $14)) 42... Kh7 $2 (42... Qa1 $11 {and Black stays safe.}) 43. Qe3 f6 $2 (43... Qa1 {is a better chance.}) 44. Be2 (44. Qa7 $142 Bc8 45. d6) 44... Kg6 45. Be1 $2 (45. Bc4 $18) 45... Bb5 {Precision: White = 54%, Black = 31%.} 1/2-1/2

[Event "29th IND-ch U17 Girls 2018"]
[Site "Sonipat"]
[Date "2018.09.09"]
[Round "9"]
[White "Jyothsna L"]
[Black "Sanskriti Goyal"]
[Result "1-0"]
[WhiteElo "1964"]
[BlackElo "1965"]
[Annotator "NA RC"]
[PlyCount "77"]
[EventDate "2018.09.05"]
[EventCountry "IND"]
[SourceTitle "playchess.com"]
[Source "ChessBase"]
[SourceQuality "1"]
[TimeControl "5400+30"]

{[%evp 9,61,72,76,63,70,50,49,30,54,29,36,18,31,14,66,33,64,51,64,75,56,27,43,75,56,55,53,32,70,42,68,61,110,32767,58,32767,32767,32767,32767,32767,32767,32767,23,59,58,49,73,32767,32767,91,164,123,148,178]} 1. d4 {[%emt 0:00:00]} Nf6 {[%emt 0:00:38]} 2. c4 {[%emt 0:00:04]} c5 {[%emt 0:00:14]} 3. d5 {[%emt 0:00:00]} e6 4. Nc3 {[%emt 0:00:09]} exd5 {[%emt 0:00:43]} 5. cxd5 {[%emt 0:00:02]} d6 {[%emt 0:00:01]} 6. e4 {[%emt 0:00:09]} g6 {[%emt 0:00:33]} 7. Nf3 {[%emt 0:00:18]} Bg7 {[%emt 0:00:37]} 8. Be2 {[%emt 0:00:17]} O-O {[%emt 0:00:07]} 9. O-O {[%emt 0:00:10]} Re8 {[%emt 0:00:31] LiveBook: 476 Games} 10. Qc2 {[%emt 0:00:48]} Qe7 {[%emt 0:11:26] A76: Modern Benoni: Classical: 9...Re8 10 Qc2} (10... Bg4 11. h3 Bxf3 12. Bxf3 Nbd7 13. Bf4 Ne5 14. Be2 a6 15. a4 Qc7 16. Rfe1 Re7 17. Bg3 g5 18. Qd2 {½-½ (51) Bagaturov,G (2397)-Ivanov,A (2506) Acqui Terme 2015}) 11. Re1 {[%emt 0:02:25]} a6 {[%emt 0:04:17]} 12. a4 {[%emt 0:01:22]} Nbd7 {[%emt 0:06:38]} 13. Bf4 {[%emt 0:03:23]} Nh5 {[%emt 0:12:07]} 14. Bg5 {[%emt 0:00:00]} Ndf6 $146 {[%emt 0:06:52]} ({Predecessor:} 14... Nhf6 15. Nd2 h6 16. Bh4 g5 17. Bg3 Ne5 18. h3 Qc7 19. a5 {½-½ (32) Petkov,S (2358)-Oprisor,R (2387) ICCF email 2008}) 15. Nd2 {[%emt 0:03:58]} h6 $1 {[%emt 0:03:31]} 16. Be3 {[%emt 0:02:20]} Ng4 {[%emt 0:02:47]} 17. Bxg4 {[%emt 0:01:13]} Bxg4 {[%emt 0:00:01]} 18. a5 {[%emt 0:12:32]} Rad8 {[%emt 0:08:00]} 19. f3 {[%emt 0:08:12]} Bc8 {[%emt 0:01:49]} 20. Nc4 {[%emt 0:06:46]} g5 {[%emt 0:09:14]} 21. Nb6 {[%emt 0:17:02]} Nf4 {[%emt 0:07:03]} 22. Nxc8 {[%emt 0:10:40]} Rxc8 {[%emt 0:00:00]} 23. Na4 {[%emt 0:00:46]} Ng6 {[%emt 0:05:19]} 24. Nb6 {[%emt 0:00:25]} Rcd8 {[%emt 0:00:04]} 25. Rab1 {[%emt 0:01:03]} g4 {[%emt 0:03:05]} 26. Kh1 {[%emt 0:03:28]} gxf3 {[%emt 0:03:31]} 27. gxf3 {[%emt 0:00:08]} Kh8 {[%emt 0:01:45]} 28. Nc4 {[%emt 0:04:55]} Nh4 {[%emt 0:04:08]} 29. Qf2 {[%emt 0:03:00]} Qf6 {[%emt 0:01:05]} (29... Rg8 $16) 30. Nd2 {[%emt 0:00:47]} Ng6 {[%emt 0:04:27]} 31. f4 $18 {[%emt 0:04:23]} Rd7 {[%emt 0:02:49]} 32. Rg1 {[%emt 0:01:37]} Qd8 {[%emt 0:01:26]} 33. Rg3 {[%emt 0:02:20]} Rg8 {[%emt 0:00:00]} 34. Rbg1 {[%emt 0:00:56]} Nf8 {[%emt 0:00:26]} 35. Qg2 {[%emt 0:02:48]} f6 {[%emt 0:00:00]} 36. Nc4 {[%emt 0:00:38]} Nh7 {[%emt 0:00:30]} 37. f5 {[%emt 0:00:55]} Ng5 {[%emt 0:00:56]} 38. h4 {[%emt 0:00:13]} Nh7 {[%emt 0:00:21]} 39. Bxh6 {[%emt 0:00:39]} 1-0

[Event "29th IND-ch U17 Girls 2018"]
[Site "Sonipat"]
[Date "2018.09.09"]
[Round "9"]
[White "Rindhiya V"]
[Black "Tarini Goyal"]
[Result "*"]
[WhiteElo "1688"]
[BlackElo "2072"]
[Annotator "NA RC"]
[PlyCount "80"]
[EventDate "2018.09.05"]
[EventCountry "IND"]
[SourceTitle "playchess.com"]
[Source "ChessBase"]
[SourceQuality "1"]
[TimeControl "5400+30"]

1. e4 {[%emt 0:00:00]} c6 {[%emt 0:00:52]} 2. d4 {[%emt 0:00:01]} d5 {[%emt 0:00:01]} 3. Nc3 {[%emt 0:00:01]} dxe4 {[%emt 0:00:02]} 4. Nxe4 {[%emt 0:00:01]} Bf5 {[%emt 0:00:01]} 5. Ng3 {[%emt 0:00:01]} Bg6 $1 {[%emt 0:00:29]} 6. h4 {[%emt 0:00:00]} h6 {[%emt 0:00:00]} 7. Nf3 {[%emt 0:00:32]} e6 {[%emt 0:00:00]} 8. h5 {[%emt 0:00:00]} Bh7 {[%emt 0:00:00]} 9. Bd3 {[%emt 0:00:01]} Bxd3 {[%emt 0:00:57]} 10. Qxd3 {[%emt 0:00:01]} Nf6 {[%emt 0:00:01]} 11. Bf4 {[%emt 0:00:01]} Bd6 {[%emt 0:07:03]} 12. Bxd6 {[%emt 0:00:01]} Qxd6 {[%emt 0:00:01]} 13. O-O-O {[%emt 0:00:02] B19: Classical Caro-Kann: 4...Bf5 main line} Nbd7 {[%emt 0:05:58]} 14. Kb1 {[%emt 0:00:01] LiveBook: 29 Games} (14. Qe2 O-O 15. Ne5 Qc7 16. Rhe1 Rad8 17. f4 c5 18. dxc5 Nxc5 19. Qc4 Rc8 20. Kb1 Qb6 {0-1 (42) Polgar,J (2686)-Ivanchuk,V (2764) Mexico City 2010}) 14... O-O-O {[%emt 0:16:16]} 15. c4 {[%emt 0:00:01]} Kb8 {[%emt 0:10:34]} 16. Ne4 {[%emt 0:00:01]} Nxe4 {[%emt 0:00:58]} 17. Qxe4 {[%emt 0:00:00]} Nf6 {[%emt 0:12:11]} 18. Qe5 {[%emt 0:24:47]} Rhf8 $146 {[%emt 0:16:57]} ({Predecessor:} 18... Qxe5 19. Nxe5 Rhf8 20. f3 Nd7 21. Rhe1 Nxe5 22. dxe5 Rxd1+ 23. Rxd1 Kc7 24. Kc2 Rd8 25. Rxd8 Kxd8 26. Kd3 Kd7 {½-½ (26) Oliveira,T (1659)-Vasconcelos,L (1885) Guimaraes 2002}) 19. Qxd6+ {[%emt 0:00:00]} Rxd6 {[%emt 0:00:00]} 20. Ne5 {[%emt 0:00:00]} Ne4 {[%emt 0:06:32]} 21. Rh4 {[%emt 0:00:01]} f5 {[%emt 0:05:49]} (21... Ng5 $11) 22. f3 {[%emt 0:00:01]} Nf6 {[%emt 0:03:57]} 23. Kc2 {[%emt 0:12:38]} Kc7 {[%emt 0:00:01]} 24. Rhh1 {[%emt 0:08:22]} b5 {[%emt 0:04:54]} 25. b3 {[%emt 0:09:24]} a6 {[%emt 0:01:19]} 26. Kc3 {[%emt 0:00:47]} a5 {[%emt 0:06:39]} 27. a3 {[%emt 0:01:36]} Rb8 {[%emt 0:00:00]} 28. Nd3 {[%emt 0:02:51]} Re8 {[%emt 0:00:00]} 29. Rde1 {[%emt 0:00:04]} Rd7 {[%emt 0:00:00]} ({Better is} 29... a4) 30. Re5 {[%emt 0:05:29]} Rde7 $18 {[%emt 0:00:00]} 31. Rhe1 {[%emt 0:03:58]} Nd7 {[%emt 0:01:00]} 32. R5e2 {[%emt 0:02:14]} bxc4 {[%emt 0:01:33]} 33. bxc4 {[%emt 0:00:11]} Kd6 {[%emt 0:00:00]} 34. Nf4 {[%emt 0:00:01]} e5 {[%emt 0:02:10]} 35. c5+ {[%emt 0:00:00]} Kc7 {[%emt 0:00:00]} 36. Kc4 {[%emt 0:00:00]} e4 {[%emt 0:00:00]} 37. Ng6 {[%emt 0:00:04]} Re6 {[%emt 0:00:00]} 38. Nf4 {[%emt 0:00:01]} R6e7 {[%emt 0:00:00]} 39. Ng6 {[%emt 0:00:18]} Re6 {[%emt 0:00:00]} 40. Nf4 {[%emt 0:00:01]} R6e7 {[%emt 0:00:00]} *

[Event "29th IND-ch U17 Girls 2018"]
[Site "Sonipat"]
[Date "2018.09.10"]
[Round "10"]
[White "Tarini Goyal"]
[Black "Harshini A"]
[Result "1/2-1/2"]
[WhiteElo "2072"]
[BlackElo "2160"]
[Annotator "TA"]
[PlyCount "61"]
[EventDate "2018.09.05"]
[EventCountry "IND"]
[SourceTitle "playchess.com"]
[Source "ChessBase"]
[SourceQuality "1"]

{[%evp 19,61,32,29,29,7,15,63,19,15,22,16,22,89,0,0,0,0,-4,-2,0,0,-8,-6,-40,-56,-108,-106,-105,-100,-101,-95,-101,-101,-101,-105,-100,-27,-32,-10,-16,0,-4,18,16]} 1. d4 Nf6 2. c4 g6 3. g3 Bg7 4. Bg2 O-O 5. Nf3 d5 6. cxd5 Nxd5 7. O-O c6 8. e4 Nb6 9. h3 Na6 {D74: Fianchetto Grünfeld: Main Line (5 Nf3 0-0 6 cxd5 Nxd5 7 0-0)} 10. Nc3 Be6 {LiveBook: 11 Games} (10... c5 11. d5 e6 12. Bg5 Qd7 13. a4 Nb4 14. a5 Nc4 15. Qb3 exd5 16. Nxd5 Nxd5 17. Qxc4 {½-½ (55) Tkachiev,V (2642)-Polgar,J (2680) Moscow 2009}) 11. Bf4 Qd7 $146 {White has an edge.} ({Predecessor:} 11... Bc4 12. Re1 Nc7 13. b3 Ba6 14. Rc1 Ne6 15. Be3 Qd6 16. a4 Rad8 17. e5 {1-0 (36) Pantovic,D (2150)-Chelushkina,I (2280) Pozarevac 2012}) 12. Kh2 Rad8 {[%cal Rg7d4]} 13. Ne2 Bc4 14. b3 $1 {[%cal Rb3c4]} Bxe2 15. Qxe2 c5 {[#]} (15... Nc7 $11) 16. Be5 (16. dxc5 $1 $16 {Hoping for Rad1.} Nxc5 17. Rad1) 16... cxd4 $11 17. Bxg7 Kxg7 18. Rfd1 d3 19. Qb2+ f6 20. Ne1 Nc5 {Strongly threatening ...d2.} 21. Qa3 Qd4 $36 {[%mdl 2048] Black is pushing.} 22. Rac1 {[#]} ({White should play} 22. f4 $15) 22... d2 $1 $17 {[%cal Rd2c1]} 23. Rxc5 {Black must now prevent Nf3.} dxe1=Q 24. Rxe1 Qxf2 25. Rf1 Qe2 {aiming for ...Rd2.} 26. Rc7 Nc8 27. Qc5 b6 (27... Rd2 $17 {[%csl Gd2][%cal Re2g2]} 28. Rg1 Nd6 29. Rxe7+ Rf7) 28. Qf2 Qb5 29. Rfc1 {The position is equal.} Qe5 30. Qf4 Qxf4 31. gxf4 {Precision: White = 38%, Black = 51%.} 1/2-1/2